| 000 | 00373nam a2200145 4500 | ||
|---|---|---|---|
| 999 |
_c9490 _d9490 |
||
| 003 | OSt | ||
| 005 | 20210629120226.0 | ||
| 008 | 210629b ||||| |||| 00| 0 eng d | ||
| 020 | _a9781864708479 | ||
| 082 |
_a724.6 _bJOD |
||
| 100 | _a Jodidio, Philip, | ||
| 245 | _aMatharoo associates : architectural practice in India | ||
| 260 |
_aAustralia _bImages _c2020 |
||
| 942 | _2ddc | ||